Score 0/30 Timer 06:00
5 Plays Today
Answer % Correct
KFC
96.4%
Domino's
96.4%
BMW
94.8%
Xbox 360
92.5%
Internet Explorer
89.6%
Lexus
88%
Bluetooth
83.2%
The History Channel
80.8%
New Balance
80.7%
Ram Trucks
79%
Under Armour
76.1%
Lacoste
73.1%
United Nations
71.2%
Société Bic
70.7%
CBS
64.9%
Answer % Correct
Budweiser
64.2%
Yellow Pages
61.5%
Rockstar Energy Drink
61.1%
Dolby Digital
60.5%
Comedy Central
60%
Converse
56.9%
Best Western
56.8%
Acura
53.6%
Reddit
49.8%
Cisco Systems
49.3%
Chase
49.2%
RadioShack
49.2%
Liberty Mutual
45.2%
GoDaddy
44%
Girl Scouts of the USA
40.1%
Remove Ads.
Support Sporcle.
Get the best of Sporcle when you Go Orange. This ad-free experience offers more features, more stats, and more fun while also helping to support Sporcle. Thank you for becoming a member.

You're not logged in!

Compare scores with friends on all Sporcle quizzes.
OR
Log In

Sporcle TV

Today on Sporcle TV


Watch our educational content, quiz creation guides, and fun videos on Sporcle TV.

Show Comments

Extras

Top Quizzes Today


Score Distribution

Paid Content

Your Account Isn't Verified!

In order to create a playlist on Sporcle, you need to verify the email address you used during registration. Go to your Sporcle Settings to finish the process.

Report this User

Report this user for behavior that violates our Community Guidelines.

Details: